| 000 | 00504nam a22001817a 4500 | ||
|---|---|---|---|
| 001 | 3081 | ||
| 003 | BD-DhBUF | ||
| 005 | 20260519100424.0 | ||
| 008 | 260519b bg ||||| |||| 00| 0 ben d | ||
| 020 | _a0415462460 | ||
| 040 |
_aBD-DhBUF _cBD-DhBUF |
||
| 245 |
_aHuman resource management : _ba critical approach / _cEdited by David G. Collings and Geoffey Wood |
||
| 260 |
_aNew York : _bxi, 319p. ; |
||
| 300 |
_axi, 319 _c23cm. ; |
||
| 526 | _aBBA | ||
| 650 | _aPersonnel management | ||
| 942 |
_2ddc _cBK |
||
| 999 |
_c3081 _d3081 |
||